| 000 | 00577nam a2200229Ia 4500 | ||
|---|---|---|---|
| 005 | 20250425162421.0 | ||
| 008 | 250425s9999 xx 000 0 und d | ||
| 020 | _a0070622426 | ||
| 041 | _aeng | ||
| 082 | _a532 | ||
| 100 | _aSTREETER, VICTOR L. | ||
| 245 | 0 | _aFLUID MECHANICS | |
| 250 | _a8 ED | ||
| 260 |
_aEstados Unidos _bMC GRAW HILL BOOK COMPANY _c1985 |
||
| 260 | _aNEW YORK | ||
| 300 | _a583 | ||
| 500 | _aINV. D-65854 DONADO POR ING. PATIÑO FIMCP | ||
| 650 | _aMECANICA DE FLUIDOS | ||
| 700 | _aWYLIE, E. BENJAMIN | ||
| 942 | _c01 | ||
| 010 | _a70228 | ||
| 999 |
_c228789 _d228789 |
||